Χρήση υπηρεσιών ηλεκτρονικής διακυβέρνησης απο τους πολίτες και ο ρόλος του φύλλου : η περίπτωση του δήμου νέας Αλικαρνασσού ; διπλωματική εργασία

Αποθηκεύτηκε σε:
Λεπτομέρειες βιβλιογραφικής εγγραφής
Κύριος συγγραφέας: Δρόσου, Ζαχαρένια
Άλλοι συγγραφείς: Βιτσιλάκη, Χρυσή (Εισηγητής διατριβής)
Μορφή: Thesis Βιβλίο
Γλώσσα:Greek
Δημοσίευση: 2008.
Θέματα:
Διαθέσιμο Online:http://hdl.handle.net/11610/13844
Ετικέτες: Προσθήκη ετικέτας
Δεν υπάρχουν, Καταχωρήστε ετικέτα πρώτοι!

MARC

LEADER 00000cam a2200000 i 4500
001 1/92398
008 080826s2008 gre d
035 |l 10099615 
040 |a GR-MY-UA  |b gre  |e aacr 
041 0 |a gre 
082 7 |a 003.5   |2 (22) 
100 1 |a Δρόσου, Ζαχαρένια. 
245 1 0 |a Χρήση υπηρεσιών ηλεκτρονικής διακυβέρνησης απο τους πολίτες και ο ρόλος του φύλλου :   |b η περίπτωση του δήμου νέας Αλικαρνασσού ; διπλωματική εργασία /   |c Ζαχαρένιας Δρόσου ; Χρυσή Βιτσιλάκη (επιβλέπουσα) ; εξεταστική επιτροπή: Ευθυμίου Ηλίας, Ρούσσος Πέτρος.  
260 |c 2008.  
300 |a 76 σ. ;   |c 30 εκ.  
500 |a Μέλη εξεταστικής επιτροπής: Ευθυμίου Ηλίας, Ρούσσος Πέτρος.  
502 |a Διατριβή (μεταπτυχιακή) – Πανεπιστήμιο Αιγαίου, Ρόδος, 2008. 
504 |a Περιλαμβάνει βιβλιογραφίες.  
610 2 0 |a University of the Aegean  |x Dissertations. 
650 0 0 |a Cybernetics  |x Social aspects. 
650 0 0 |a Gender identity in education. 
650 0 0 |a Dissertations, Academic  |z Greece. 
700 1 |a Βιτσιλάκη, Χρυσή.  |4 ths 
852 |a INST  |b RHODES  |c DIATR  |e 20080826  |h 003.5 ΔΡΟ  |p 005400028059  |q 005400028059  |t MTXE  |y 23 
852 |a INST  |b RHODES  |c DIATR  |e 20080826  |h 003.5 ΔΡΟ  |p 005400028060  |q 005400028060  |t MTXE  |y 23 
856 |u http://hdl.handle.net/11610/13844 
901 |a BIBL4-2008-2 
909 |a Ρ  |b 150464 
909 |a Ρ  |b 150465 
924 |a ΔΡΟΣΟΥ  |b ΖΑΧΑΡΕΝΙΑ  |y Ρόδος  |z 2008-06 
970 |a ΜΙΣΣΟΣ  |b ΣΤΑΥΡΟΣ  |z 2008/08/26